| 000 | 00486nam a2200193Ia 4500 | ||
|---|---|---|---|
| 999 |
_c4555 _d4555 |
||
| 003 | 0100 | ||
| 008 | 130227s9999 xx 000 0 und d | ||
| 040 | _cARRUPELIB | ||
| 050 | _aBS1505.2S28 1987 | ||
| 100 |
_aSawyer, John F. A. _935457 |
||
| 245 |
_aProphecy and the prophets of the old testament _cJohn F. A. Sawyer |
||
| 260 |
_bOxford University Press _aOxford _c1987 |
||
| 300 | _axii | ||
| 300 | _b163p. 19cm. | ||
| 650 |
_bProphets _93537 |
||
| 942 |
_2lcc _06 _cMONOGRAPH |
||